Normal view
MARC view
Entry Término temático
001 - NÚMERO DE CONTROL
- campo de control: 50956
003 - IDENTIFICADOR DEL NÚMERO DE CONTROL
- campo de control: OSt
005 - FECHA Y HORA DE LA ÚLTIMA TRANSACCIÓN
- campo de control: 20250123111447.0
008 - DATOS DE LONGITUD FIJA
- campo de control de longitud fija: 250123|| aca||aabn | a|a d
040 ## - FUENTE DE LA CATALOGACIÓN
- Centro catalogador/agencia de origen: OSt
- Centro/agencia transcriptor: OSt
150 ## - ENCABEZAMIENTO--TÉRMINO DE MATERIA
- Término de materia o nombre geográfico como elemento de entrada: Gobiernos militares
670 ## - FUENTE DE DATOS ENCONTRADOS
- Cita de la fuente: Work cat.: (OSt): Gonzales Ríos, José Alipio 44247, La Educación Pública en la Regíon Cusco :, 2023